| 000 | 01223cam a2200349 a 4500 | ||
|---|---|---|---|
| 001 | 13114948 | ||
| 003 | OSt | ||
| 005 | 20140311163217.0 | ||
| 008 | 030307s2009 nyua c b 001 0 eng | ||
| 010 | _a 2003005621 | ||
| 020 | _a0531211053 | ||
| 040 |
_aDLC _cDLC _dDLC |
||
| 042 | _alcac | ||
| 043 |
_an-us--- _an-us-va |
||
| 050 | 0 | 0 |
_aD 675.W2 _b.W28 2009 |
| 100 | 1 |
_aWachtel, Roger. _925724 |
|
| 245 | 1 | 4 |
_aThe tomb of the unknown soldier / _cRoger Wachtel. |
| 260 |
_aNew York : _bScholastic Inc., _c2009 |
||
| 300 |
_a48 p. : _bill. (some col.) ; _c25 cm. |
||
| 490 | 1 | _aCornerstones of freedom, second series | |
| 521 | _aG8 | ||
| 526 | _c1150 | ||
| 650 | 0 |
_aTomb of the Unknowns (Va.) _vJuvenile literature. _925725 |
|
| 650 | 1 |
_aTomb of the Unknowns (Va.) _925726 |
|
| 650 | 1 |
_aNational monuments. _925727 |
|
| 830 | 0 |
_aCornerstones of freedom. _nSecond series. _925728 |
|
| 906 |
_a7 _bcbc _corignew _d1 _eecip _f20 _gy-gencatlg |
||
| 942 |
_2lcc _cBK |
||
| 999 |
_c42893 _d42893 |
||